| 000 | 00656nam a2200217 4500 | ||
|---|---|---|---|
| 001 | 19985 | ||
| 003 | OSt | ||
| 005 | 20240423140143.0 | ||
| 007 | tu | ||
| 008 | 190729|||||||||||| ger | ||
| 040 |
_aDE-2950 _cDE-2950 |
||
| 110 | 2 | _aWohnungswirtschaft Frankfurt (Oder) | |
| 245 | 0 | 0 |
_aStadtgespräch. _bZeitung für Frankfurt _cWohnungswirtschaft Frankfurt (Oder) |
| 247 |
_aMein Frankfurt. Mein Zuhause. [bis 2017] _bZeitung der WOWI für ihre Mieter und alle Frankfurter |
||
| 264 | _aFrankfurt (Oder) | ||
| 365 | _c€ | ||
| 515 | _aquartalsweise | ||
| 546 | _adeutsch | ||
| 942 |
_2z _cZS |
||
| 999 |
_c80183 _d80183 |
||